000 00764nam a2200253Ia 4500
003 OSt
005 20220923222739.0
006 a|||||r|||| 00| 0
007 ta
008 220922b |||||||| |||| 00| 0 hin d
024 _a207,393
037 _cTextual
040 _aARTS
_cARTS
_bhin
041 _2hin
_ahin
082 _aO152,3N40x, M3
100 _aकोहली, नरेन्द्र
245 0 _aनमक का कैदी
246 _aNamak kā kaidī
260 _aदिल्ली
_b पराग प्रका0
_c1983
300 _a120पृ.
_ccm.
650 _aहिन्दी कहानी
942 _hO152,3N40x, M3
_cTEXL
_2CC
999 _c358010
_d358010